000 00902nam a2200253Ia 4500
003 OSt
005 20220918171327.0
006 a|||||r|||| 00| 0
007 ta
008 220917b |||||||| |||| 00| 0 eng d
020 _a9781498546546 (hbk)
_cUKP 70.00
024 _a348,905
037 _b13789, 05/02/2019, Elite Publishers Distributors
_cTextual
040 _aARTS
_cARTS
_beng
041 _2eng
_aeng
082 _aV49D:19491, Q7
100 _aLaruelle Marlene Ed.
_934712
245 0 _aCentral asia Afghanistan relationship
_b from soviet intervention to the silk road initiatives
260 _aMaryland
_bLexington books
_c2017
300 _axv,266p.
_ccm.
650 _aAFGHANISTAN - HISTORY; CENTRAL ASIA - HISTORY
_935823
942 _hV49D:19491, Q7
_cTEXL
_2CC
999 _c139053
_d139053